[Event "53rd World U20 ch"]
[Site "Pune IND"]
[Date "2014.10.08"]
[Round "3.29"]
[White "Vignesh, N. R."]
[Black "Pastar, Slaven"]
[Result "1/2-1/2"]
[WhiteElo "2360"]
[BlackElo "2159"]
[EventDate "2014.10.06"]
[PlyCount "133"]

1.d4 d5 2.c4 c6 3.Nf3 Nf6 4.e3 g6 5.Be2 Bg7 6.O-O O-O 7.Nc3 a6 8.a4 a5 9.
b3 Ne4 10.Bb2 Nxc3 11.Bxc3 Nd7 12.Qc2 b6 13.Rab1 Ba6 14.Rfc1 Re8 15.cxd5 
Bxe2 16.Qxe2 cxd5 17.Qb5 e6 18.Ne5 Nxe5 19.dxe5 Rb8 20.Bd4 f6 21.Rc6 fxe5 
22.Bxb6 Qh4 23.Qxa5 d4 24.Qe1 Qe4 25.Rbc1 Bh6 26.a5 Rf8 27.exd4 Qd5 28.
R1c5 Qxd4 29.Rxe5 Rxb6 30.axb6 Bd2 31.Qf1 Qxe5 32.b7 Be3 33.Rc8 Ba7 34.
Rxf8+ Kxf8 35.Qc1 Bb8 36.Qc8+ Kg7 37.Qd7+ Kh6 38.g3 Qd6 39.Qf7 Qd1+ 40.Kg2
Qd5+ 41.Kg1 Qf5 42.Qe7 Ba7 43.Qh4+ Kg7 44.Qe7+ Qf7 45.Qxf7+ Kxf7 46.Kg2 
Ke7 47.Kf3 Kd6 48.Ke4 Bb8 49.Kf4 h6 50.h4 Kc6+ 51.Kg4 Kxb7 52.f4 e5 53.h5 
g5 54.fxg5 hxg5 55.h6 e4 56.h7 Be5 57.Kf5 e3 58.Kxe5 e2 59.h8=Q e1=Q+ 60.
Kd5 Qxg3 61.Qg7+ Qc7 62.Qxc7+ Kxc7 63.Ke5 Kb6 64.Kf5 Kb5 65.Kxg5 Kb4 66.
Kf4 Kxb3 67.Ke4 1/2-1/2

[Event "53rd World U20 ch"]
[Site "Pune IND"]
[Date "2014.10.08"]
[Round "3.30"]
[White "Bersamina, Paulo"]
[Black "Fong Yit San"]
[Result "1-0"]
[WhiteElo "2380"]
[BlackElo "2149"]
[EventDate "2014.10.06"]
[PlyCount "81"]

1.e4 c5 2.Nc3 Nc6 3.Nf3 e5 4.Bc4 d6 5.d3 Be7 6.h3 Be6 7.Bb3 Nf6 8.Bg5 Nd7 
9.Bxe7 Qxe7 10.Nd5 Bxd5 11.Bxd5 O-O 12.a3 Rfc8 13.O-O b5 14.c3 a5 15.Qd2 
Nb6 16.Ba2 Nd8 17.d4 c4 18.Bb1 g6 19.Bc2 a4 20.Rae1 Kg7 21.g3 f6 22.Nh2 
Ne6 23.d5 Nc5 24.Ng4 Rf8 25.f4 h5 26.Nh2 Nbd7 27.h4 exf4 28.gxf4 f5 29.
exf5 Qxh4 30.Qg2 Qf6 31.Nf3 Kh8 32.fxg6 Rae8 33.Qh3 Kg7 34.Qxh5 Rh8 35.Qg4
Rhf8 36.Rxe8 Rxe8 37.Nd4 Nb6 38.Nf5+ Kg8 39.Qh5 Qh8 40.Qg5 Qh3 41.g7 1-0

[Event "53rd World U20 ch"]
[Site "Pune IND"]
[Date "2014.10.08"]
[Round "3.31"]
[White "Sahoo, Utkal Ranjan"]
[Black "Cabarkapa, Novak"]
[Result "1/2-1/2"]
[WhiteElo "2170"]
[BlackElo "2379"]
[EventDate "2014.10.06"]
[PlyCount "63"]

1.d4 Nf6 2.Nf3 g6 3.Nc3 d5 4.Bf4 Bg7 5.e3 O-O 6.Be2 c5 7.O-O Nc6 8.dxc5 
Qa5 9.Nb5 Ne8 10.c3 a6 11.b4 Qd8 12.Nbd4 Bg4 13.Nxc6 bxc6 14.Ne5 Bxe2 15.
Qxe2 Qc8 16.e4 f6 17.Nf3 e5 18.Bg3 Nc7 19.Nd2 Kh8 20.f4 exf4 21.Bxf4 Nb5 
22.Qf3 f5 23.exd5 cxd5 24.Rae1 Nxc3 25.Be5 Ne4 26.Bxg7+ Kxg7 27.Nxe4 dxe4 
28.Qc3+ Kg8 29.Qc4+ Kg7 30.Qc3+ Kg8 31.Qc4+ Kg7 32.Qc3+ 1/2-1/2

[Event "53rd World U20 ch"]
[Site "Pune IND"]
[Date "2014.10.08"]
[Round "3.33"]
[White "Abhishek, A."]
[Black "Nasanjargal, Urtnasan"]
[Result "0-1"]
[WhiteElo "2138"]
[BlackElo "2330"]
[EventDate "2014.10.06"]
[PlyCount "86"]

1.d4 Nf6 2.Nf3 g6 3.c4 Bg7 4.Nc3 O-O 5.e4 d6 6.Be2 e5 7.O-O Nc6 8.d5 Ne7 
9.Nd2 Ne8 10.b4 f5 11.a4 Nf6 12.f3 f4 13.Ba3 g5 14.c5 Ng6 15.Nc4 Rf7 16.b5
dxc5 17.d6 Be6 18.dxc7 Rxc7 19.b6 Rd7 20.Qb3 a6 21.Bxc5 Rc8 22.Bf2 g4 23.
Rfd1 g3 24.hxg3 Nh5 25.Rxd7 Qxd7 26.Rd1 Qe7 27.Nd5 Qg5 28.Nd6 Rc6 29.g4 
Ng3 30.Bxg3 fxg3 31.Nf5 Bf8 32.Bxa6 Kh8 33.Kf1 Bxf5 34.exf5 Qh4 35.fxg6 
Qh1+ 36.Ke2 Qxg2+ 37.Ke3 Qf2+ 38.Ke4 g2 39.Bxb7 g1=Q 40.Rxg1 Qd4+ 41.Kf5 
hxg6+ 42.Kg5 Be7+ 43.Kh6 Qd2+ 0-1

[Event "53rd World U20 ch"]
[Site "Pune IND"]
[Date "2014.10.08"]
[Round "3.34"]
[White "Nishant, Malhotra"]
[Black "Koksal, Ege"]
[Result "0-1"]
[WhiteElo "2129"]
[BlackElo "2321"]
[EventDate "2014.10.06"]
[PlyCount "108"]

1.d4 Nf6 2.c4 e6 3.Nc3 Bb4 4.f3 O-O 5.a3 Bxc3+ 6.bxc3 Nh5 7.Nh3 f5 8.Bg5 
Qe8 9.g4 fxg4 10.fxg4 Nf6 11.Bxf6 Rxf6 12.Bg2 d6 13.Nf2 Nc6 14.O-O e5 15.
Qd3 Bd7 16.h3 Qe7 17.Bd5+ Kh8 18.Ne4 Rff8 19.Ng3 Rae8 20.Be4 g6 21.Rab1 b6
22.Qe3 Qg7 23.d5 Na5 24.Bd3 Bc8 25.Ne4 h6 26.g5 hxg5 27.Nxg5 Bf5 28.Qg3 e4
29.Qh4+ Kg8 30.Bxe4 Rxe4 31.Nxe4 g5 32.Rxf5 gxh4+ 33.Rg5 Nxc4 34.Rxg7+ 
Kxg7 35.Ng5 Rg8 36.Kf2 Kf6 37.Ne6 c5 38.a4 Rg3 39.Rc1 Ke5 40.Nc7 Rxh3 41.
Nb5 a5 42.Rg1 Kxd5 43.Rg5+ Ne5 44.Rh5 Rh2+ 45.Kf1 h3 46.Kg1 Rxe2 47.Rxh3 
Nc4 48.Kf1 Re3 49.Rh4 Re4 50.Rh6 Ne3+ 51.Kg1 Nf5 52.Rh5 Ke5 53.Nxd6 Rg4+ 
54.Kh2 Kxd6 0-1

[Event "53rd World U20 ch"]
[Site "Pune IND"]
[Date "2014.10.08"]
[Round "3.35"]
[White "Beradze, Irakli"]
[Black "Mohammad, Ashraf"]
[Result "1-0"]
[WhiteElo "2318"]
[BlackElo "2132"]
[EventDate "2014.10.06"]
[PlyCount "110"]

1.e4 c5 2.b3 d6 3.Bb2 Nf6 4.Bb5+ Bd7 5.Bxd7+ Qxd7 6.d3 Qg4 7.Qxg4 Nxg4 8.
Ne2 Nc6 9.h3 Nf6 10.Nd2 e6 11.O-O-O Be7 12.g4 O-O-O 13.f4 d5 14.exd5 Rxd5 
15.Ne4 Nd4 16.N2g3 Rhd8 17.Rhf1 Nxe4 18.dxe4 R5d7 19.c3 Nc6 20.Rxd7 Rxd7 
21.Kc2 c4 22.Rf3 b5 23.Nf1 g5 24.bxc4 bxc4 25.Bc1 h6 26.e5 gxf4 27.Bxf4 
Bg5 28.Bg3 Rd5 29.Rxf7 Ra5 30.h4 Be7 31.g5 hxg5 32.h5 Rxa2+ 33.Kb1 Ra5 34.
h6 Kd7 35.Ne3 Rb5+ 36.Kc2 Rb8 37.Ng4 Rh8 38.Nf6+ Kd8 39.h7 Bc5 40.Rd7+ Kc8
41.Rg7 Ne7 42.Bf2 Ba3 43.Kb1 g4 44.Ka2 g3 45.Bxg3 Bc5 46.Bf2 Bxf2 47.Rxe7 
Bg3 48.Rg7 Bxe5 49.Rg8+ Kc7 50.Rxh8 Bxf6 51.Re8 Bxc3 52.Rxe6 Kd7 53.Ra6 
Ke7 54.Rxa7+ Ke6 55.Ra8 Kd5 1-0

[Event "53rd World U20 ch"]
[Site "Pune IND"]
[Date "2014.10.08"]
[Round "3.36"]
[White "Rahul Srivatshav, P."]
[Black "Borisenko, Viacheslav"]
[Result "1/2-1/2"]
[WhiteElo "2061"]
[BlackElo "2316"]
[EventDate "2014.10.06"]
[PlyCount "120"]

1.d4 Nf6 2.Bf4 e6 3.e3 b6 4.Nf3 Bb7 5.Bd3 Be7 6.h3 O-O 7.O-O Ne4 8.Nbd2 f5
9.c3 Nxd2 10.Nxd2 d5 11.Nf3 Nd7 12.Rc1 c5 13.c4 Rc8 14.cxd5 exd5 15.dxc5 
bxc5 16.Bb5 Nf6 17.Ne5 Bd6 18.Qa4 Qc7 19.Nd3 Bxf4 20.Nxf4 Rf7 21.Ba6 Qc6 
22.Qxc6 Rxc6 23.Bxb7 Rxb7 24.b3 c4 25.Rfd1 Rb5 26.Ne2 Ra5 27.Nd4 Rc7 28.
Rc2 g6 29.Rdc1 Ne4 30.bxc4 dxc4 31.Rxc4 Rxc4 32.Rxc4 Rxa2 33.Rc8+ Kg7 34.
Rc7+ Kf6 35.Rxh7 Nxf2 36.Nc6 a6 37.Nb4 Rb2 38.Ra7 Nxh3+ 39.gxh3 Rxb4 40.
Rxa6+ Kg5 41.Kg2 Kh5 42.Kg3 Rb3 43.Kf2 Rb2+ 44.Kg3 Rb1 45.Kg2 Rc1 46.Rb6 
Ra1 47.Rc6 Ra2+ 48.Kg3 Ra7 49.Rf6 Re7 50.Kf3 Kh6 51.Ra6 Re4 52.Rc6 Kg7 53.
Kf2 Kf7 54.Kf3 g5 55.Ra6 Re6 56.Rxe6 Kxe6 57.e4 fxe4+ 58.Kxe4 Kf7 59.Kf5 
Kg7 60.Kxg5 Kh8 1/2-1/2

[Event "53rd World U20 ch"]
[Site "Pune IND"]
[Date "2014.10.08"]
[Round "3.37"]
[White "Sai Agni Jeevitesh, J."]
[Black "Blazeka, Matej"]
[Result "0-1"]
[WhiteElo "2068"]
[BlackElo "2311"]
[EventDate "2014.10.06"]
[PlyCount "64"]

1.d4 d5 2.Nf3 Nf6 3.e3 e6 4.Bd3 c5 5.b3 Nc6 6.Bb2 Bd6 7.O-O O-O 8.Nbd2 b6 
9.a3 Bb7 10.Ne5 Rc8 11.f4 Ne7 12.g4 Ne4 13.g5 Nf5 14.Rf3 Bxe5 15.dxe5 c4 
16.Nf1 cxd3 17.cxd3 Nc5 18.b4 Nd7 19.Nd2 Qc7 20.Rc1 Qb8 21.Rb1 Rfd8 22.Rh3
Nf8 23.b5 Qc7 24.Rc1 Qd7 25.a4 Rxc1 26.Bxc1 Rc8 27.Ba3 Qc7 28.e4 Qc2 29.
Qxc2 Rxc2 30.exf5 Rxd2 31.Bxf8 Kxf8 32.Rxh7 Kg8 0-1

[Event "53rd World U20 ch"]
[Site "Pune IND"]
[Date "2014.10.08"]
[Round "3.38"]
[White "Rakesh, Kumar Nayak"]
[Black "Visakh, N. R."]
[Result "0-1"]
[WhiteElo "2057"]
[BlackElo "2300"]
[EventDate "2014.10.06"]
[PlyCount "174"]

1.c4 e5 2.Nc3 Nf6 3.g3 d5 4.cxd5 Nxd5 5.Bg2 Nb6 6.Nf3 Nc6 7.O-O Be7 8.d3 
O-O 9.Be3 Be6 10.d4 exd4 11.Nxd4 Nxd4 12.Bxd4 c6 13.Na4 Qc7 14.Nxb6 axb6 
15.Qc2 Rfd8 16.Qc3 Bf8 17.a4 c5 18.Be5 Qd7 19.Be4 Bf5 20.Bxf5 Qxf5 21.Bc7 
Rd4 22.a5 bxa5 23.Rxa5 Rxa5 24.Qxa5 Qd5 25.Qa8 Rd2 26.e3 Rxb2 27.e4 Qd7 
28.Qb8 f6 29.Ra1 Qd4 30.Rf1 Qd7 31.Ra1 Qd4 32.Rf1 Re2 33.e5 fxe5 34.Qxb7 
Rd2 35.Qb8 e4 36.Bf4 Rd3 37.Qe8 Qd5 38.Re1 Rd1 39.Rxd1 Qxd1+ 40.Kg2 Qd5 
41.Be3 Qf5 42.Qc6 h6 43.h4 Kf7 44.Kg1 Be7 45.Kg2 Qe6 46.Qc7 Qd5 47.Qf4+ 
Kg8 48.Qb8+ Kh7 49.Qe8 Qe5 50.Qc6 Qf5 51.Kh2 Kg8 52.Qe8+ Bf8 53.Qc6 Kf7 
54.Kg1 Be7 55.Kg2 Qe6 56.Qc7 Qd5 57.Qf4+ Ke8 58.Qg4 Kf8 59.Qf4+ Kg8 60.Qc7
Bf8 61.Qc8 c4 62.Kh2 Kf7 63.Kg2 Qe6 64.Qc7+ Kg6 65.Qd8 Kf7 66.Qc7+ Kg8 67.
Kg1 Be7 68.Bd4 Kh7 69.Kh2 Kg6 70.Kg2 Bf8 71.Kg1 Kh7 72.Kh2 Qd5 73.Qa7 Qd6 
74.Qa1 Qd7 75.Qc3 Qd5 76.Qa1 Bc5 77.Bxg7 Qd2 78.Bh8 Qxf2+ 79.Kh3 Qf7 80.
Qe5 Qf1+ 81.Kg4 Qf3+ 82.Kh3 Qh1+ 83.Kg4 Qf3+ 84.Kh3 Qf1+ 85.Kg4 Qd1+ 86.
Kf5 Qd7+ 87.Kxe4 Qd3+ 0-1

[Event "53rd World U20 ch"]
[Site "Pune IND"]
[Date "2014.10.08"]
[Round "3.39"]
[White "Kumaran, Balaji"]
[Black "Gandhi, Anish"]
[Result "1-0"]
[WhiteElo "2239"]
[BlackElo "2068"]
[EventDate "2014.10.06"]
[PlyCount "93"]

1.b3 d5 2.Bb2 Nf6 3.e3 Bf5 4.Nf3 e6 5.c4 c6 6.Nc3 Nbd7 7.d4 Bd6 8.Bd3 O-O 
9.O-O Bxd3 10.Qxd3 Qa5 11.Nd2 e5 12.cxd5 cxd5 13.dxe5 Nxe5 14.Qe2 Rac8 15.
Rac1 a6 16.Rfd1 Rfe8 17.Nf1 Nc6 18.Qd3 Be5 19.f4 Nb4 20.Qd2 Ne4 21.Nxe4 
Bxb2 22.Rxc8 Rxc8 23.Qxb2 dxe4 24.Qd2 Qc5 25.Ng3 f5 26.Nxf5 Rf8 27.Rc1 Qb6
28.Ne7+ Kh8 29.Rc8 Rxc8 30.Nxc8 Qc7 31.Qxb4 Qxc8 32.Qxe4 h6 33.Qc4 Qg4 34.
Qc2 Qh4 35.g3 Qe7 36.Kf2 Qd7 37.f5 b5 38.Kf3 Qf7 39.g4 Qf6 40.e4 b4 41.Qe2
Qa1 42.e5 Qh1+ 43.Kg3 Qg1+ 44.Kh3 h5 45.e6 hxg4+ 46.Kh4 g3 47.e7 1-0

[Event "53rd World U20 ch"]
[Site "Pune IND"]
[Date "2014.10.08"]
[Round "3.40"]
[White "Godbole, Atharva"]
[Black "Navalgund, Niranjan"]
[Result "0-1"]
[WhiteElo "2009"]
[BlackElo "2267"]
[EventDate "2014.10.06"]
[PlyCount "138"]

1.e4 e5 2.Nf3 Nc6 3.Bb5 a6 4.Ba4 Nf6 5.O-O Be7 6.Re1 b5 7.Bb3 d6 8.c3 O-O 
9.d4 Bg4 10.Be3 Bh5 11.Nbd2 d5 12.exd5 Nxd5 13.dxe5 Nxe5 14.Bd4 Nc6 15.Ne4
Nxd4 16.Qxd4 Nf6 17.Qe3 Nxe4 18.Qxe4 Bd6 19.Bd5 Bg6 20.Qd4 c5 21.Qd2 Ra7 
22.c4 Rd7 23.Qe2 Re7 24.Qd2 Bc7 25.Red1 Rd7 26.Qe2 Re8 27.Qf1 Rd6 28.b3 b4
29.Re1 Rf8 30.Qe2 a5 31.Qe3 Bb6 32.Ne5 Qb8 33.Qh3 Qc7 34.Re3 a4 35.Rae1 
axb3 36.axb3 Qc8 37.Nxg6 hxg6 38.Qxc8 Rxc8 39.Re7 Rf8 40.Rb7 Bd8 41.Ra1 
Bf6 42.Raa7 Kh7 43.Rc7 Re8 44.Kf1 Bc3 45.Re7 Ra6 46.Rxa6 Rxe7 47.f3 Re1+ 
48.Kf2 f6 49.Bc6 Rb1 50.Ba4 Rb2+ 51.Kg3 g5 52.Re6 Be5+ 53.Kh3 Ra2 54.Rc6 
Bd4 55.Re6 Rb2 56.Kg3 Kg6 57.Kh3 Kf7 58.Rd6 Kg6 59.Re6 Kh6 60.Re8 Kh7 61.
Re6 Kg8 62.Rd6 Kf7 63.Rc6 Re2 64.Rc7+ Kg6 65.Bc6 Re3 66.Ba4 f5 67.Rc6+ Kh5
68.Kg3 f4+ 69.Kh3 g4# 0-1

[Event "53rd World U20 ch"]
[Site "Pune IND"]
[Date "2014.10.08"]
[Round "3.41"]
[White "Yogit, S."]
[Black "Viani D`Cunha, Antonio"]
[Result "1/2-1/2"]
[WhiteElo "1954"]
[BlackElo "2257"]
[EventDate "2014.10.06"]
[PlyCount "116"]

1.e4 c5 2.Nf3 e6 3.d4 cxd4 4.Nxd4 a6 5.Nc3 b5 6.g3 Bb7 7.Bg2 Ne7 8.O-O 
Nbc6 9.Nb3 Ng6 10.Be3 Na5 11.Nxa5 Qxa5 12.Qd4 b4 13.Rad1 d6 14.Nb1 Ne5 15.
a3 bxa3 16.Nxa3 Rc8 17.h3 Qc7 18.f4 Nc4 19.Nxc4 Qxc4 20.c3 Qxd4 21.Bxd4 
Be7 22.e5 Bxg2 23.Kxg2 dxe5 24.Bxe5 f6 25.Bd4 Kf7 26.Ra1 Rc6 27.Ra4 Rd8 
28.Rfa1 Rdd6 29.Kf3 Ke8 30.b4 e5 31.fxe5 fxe5 32.Bxe5 Rg6 33.Re1 Kf7 34.
Ra5 Rge6 35.Re3 Bf6 36.Bxf6 Kxf6 37.Rxe6+ Kxe6 38.c4 Rxc4 39.Rxa6+ Ke5 40.
Ra5+ Kd4 41.Ra7 Rc3+ 42.Kg4 h5+ 43.Kxh5 Rxg3 44.Kh4 Rg6 45.Rc7 Rg1 46.b5 
g5+ 47.Kh5 Rg3 48.b6 Rxh3+ 49.Kxg5 Rb3 50.b7 Kd5 51.Kf6 Kd6 52.Rh7 Rf3+ 
53.Kg6 Rg3+ 54.Kf5 Rb3 55.Ke4 Rb4+ 56.Kd3 Kc6 57.Kc3 Rxb7 58.Rxb7 Kxb7 
1/2-1/2

[Event "53rd World U20 ch"]
[Site "Pune IND"]
[Date "2014.10.08"]
[Round "3.42"]
[White "Gahan, M. G."]
[Black "Krishna Teja, N."]
[Result "1-0"]
[WhiteElo "2252"]
[BlackElo "2049"]
[EventDate "2014.10.06"]
[PlyCount "57"]

1.e4 e6 2.b3 d5 3.Bb2 dxe4 4.Nc3 Nf6 5.Qe2 Bb4 6.O-O-O Qe7 7.Nxe4 Ba3 8.
Nxf6+ Qxf6 9.d4 Bxb2+ 10.Kxb2 b6 11.Qe4 c6 12.Nf3 Bb7 13.Ne5 Nd7 14.f4 
O-O-O 15.Ba6 Nb8 16.Bxb7+ Kxb7 17.Rhf1 g6 18.a4 Qe7 19.a5 f5 20.Qe2 Rd5 
21.axb6 axb6 22.Ra1 Rxd4 23.Ra2 Re4 24.Qf2 Na6 25.Rfa1 Ra8 26.Qf1 Qc5 27.
Rxa6 Qd4+ 28.Kb1 Rxf4 29.Nf3 1-0

[Event "53rd World U20 ch"]
[Site "Pune IND"]
[Date "2014.10.08"]
[Round "3.43"]
[White "Praggnanandhaa, R."]
[Black "Praneeth Surya, K."]
[Result "1/2-1/2"]
[WhiteElo "1836"]
[BlackElo "2251"]
[EventDate "2014.10.06"]
[PlyCount "69"]

1.e4 c5 2.Nf3 d6 3.Bb5+ Nd7 4.O-O a6 5.Bxd7+ Bxd7 6.h3 Nf6 7.d3 g6 8.Nc3 
Bg7 9.Be3 Qc7 10.Qd2 Bc6 11.Bh6 O-O 12.Bxg7 Kxg7 13.Rae1 e5 14.Nh2 Nh5 15.
Ne2 f5 16.exf5 Rxf5 17.f4 Qf7 18.fxe5 Qd5 19.Nf3 dxe5 20.Nc3 Qd6 21.Qe3 
Ng3 22.Rf2 Raf8 23.Ne4 Nxe4 24.dxe4 Rf4 25.Rd2 Qe7 26.Qc3 Re8 27.Rde2 Rf6 
28.Rd1 Re6 29.a3 b6 30.Qe3 Rf6 31.Qc3 Rf4 32.Rde1 Qf6 33.b4 c4 34.Re3 b5 
35.g3 1/2-1/2

[Event "53rd World U20 ch"]
[Site "Pune IND"]
[Date "2014.10.08"]
[Round "3.44"]
[White "Prasannaa, S."]
[Black "Saim, Mohamed Ilias"]
[Result "1/2-1/2"]
[WhiteElo "2232"]
[BlackElo "2040"]
[EventDate "2014.10.06"]
[PlyCount "134"]

1.b4 Nf6 2.Bb2 e6 3.a3 a5 4.b5 d5 5.e3 Bd6 6.Nf3 Nbd7 7.c4 Qe7 8.d4 dxc4 
9.Bxc4 e5 10.Nbd2 e4 11.Ng5 O-O 12.Qc2 Nb6 13.Ba2 Bf5 14.h4 h6 15.g4 Nxg4 
16.Ngxe4 Na4 17.f3 Nxb2 18.fxg4 Bxg4 19.Qxb2 Kh8 20.Qc3 Bxa3 21.Qd3 Bb4 
22.Nf2 Bh5 23.Bd5 Rfe8 24.Rh3 Rad8 25.Bg2 Bg6 26.Qc4 Qf6 27.Rf3 Qxd4 28.
Qxd4 Rxd4 29.Ra2 Rxh4 30.Rg3 Rc4 31.Ke2 Rc3 32.Nfe4 Rc1 33.Bf3 Kh7 34.Nf2 
Rc5 35.Bxb7 Bh5+ 36.Kf1 Rd8 37.Nb3 Rxb5 38.Be4+ f5 39.Bd3 Rb6 40.Bxf5+ g6 
41.Bd3 Bd6 42.Rh3 Rxb3 43.Rxh5 Rxd3 44.Nxd3 gxh5 45.Rxa5 Kg6 46.e4 Bg3 47.
Rd5 Rxd5 48.exd5 Bd6 49.Kf2 Kf5 50.Kf3 h4 51.Nf2 h5 52.Nd1 Ke5 53.Nc3 h3 
54.Kf2 Kf4 55.Kg1 Kf3 56.Nb5 Ke3 57.Kh1 Bg3 58.Kg1 Kf3 59.Kh1 Kf2 60.Nd4 
Be5 61.Nb5 h4 62.Na7 h2 63.Nb5 Ke3 64.Kg2 Ke4 65.Kh1 h3 66.Nxc7 Bxc7 67.d6
Ke5 1/2-1/2

[Event "53rd World U20 ch"]
[Site "Pune IND"]
[Date "2014.10.08"]
[Round "3.45"]
[White "Repka, Christopher"]
[Black "Vandewiele, Emiel"]
[Result "1-0"]
[WhiteElo "2418"]
[BlackElo "1882"]
[EventDate "2014.10.06"]
[PlyCount "55"]

1.Nf3 Nf6 2.d4 e6 3.Bf4 c5 4.e3 a6 5.Nbd2 b6 6.Bd3 Bb7 7.c3 d6 8.O-O Be7 
9.e4 Nc6 10.Qe2 O-O 11.e5 Nh5 12.Be3 g6 13.dxc5 dxe5 14.cxb6 Nf4 15.Bxf4 
exf4 16.Nc4 Bc5 17.Rad1 Qf6 18.Be4 Rfd8 19.b4 Bf8 20.Nfe5 Nxe5 21.Bxb7 
Nxc4 22.Bxa8 Nxb6 23.Rxd8 Qxd8 24.Bb7 Qc7 25.Qxa6 Bg7 26.c4 Bd4 27.c5 Nd7 
28.Qc6 1-0

[Event "53rd World U20 ch"]
[Site "Pune IND"]
[Date "2014.10.08"]
[Round "3.46"]
[White "Gajwa, Ankit"]
[Black "Prasanna, Raghuram Rao"]
[Result "0-1"]
[WhiteElo "2110"]
[BlackElo "2447"]
[EventDate "2014.10.06"]
[PlyCount "64"]

1.e4 e5 2.Nf3 Nc6 3.Bb5 g6 4.O-O Bg7 5.c3 a6 6.Ba4 Nge7 7.d4 b5 8.Bb3 exd4
9.cxd4 O-O 10.Nc3 d6 11.Nd5 h6 12.Nxe7+ Nxe7 13.Be3 Kh7 14.Rc1 Bb7 15.Qd3 
Qd7 16.d5 c5 17.dxc6 Nxc6 18.Rfd1 Na5 19.Bd5 Bxd5 20.Qxd5 Bxb2 21.Bxh6 
Bxc1 22.Bxf8 Rxf8 23.Rxc1 Nc4 24.h4 Qg4 25.Rc3 Kg8 26.Ng5 Qxh4 27.Rh3 Qf4 
28.Nh7 Rc8 29.Rf3 Qc1+ 30.Kh2 Qh6+ 31.Rh3 Qf4+ 32.Kg1 Ne5 0-1

[Event "53rd World U20 ch"]
[Site "Pune IND"]
[Date "2014.10.08"]
[Round "3.47"]
[White "Johansson, Linus"]
[Black "Vokhidov, Shamsiddin"]
[Result "1-0"]
[WhiteElo "2401"]
[BlackElo "2119"]
[EventDate "2014.10.06"]
[PlyCount "109"]

1.d4 Nf6 2.c4 e6 3.Nc3 Bb4 4.Bg5 c5 5.d5 d6 6.e3 e5 7.Qc2 Bxc3+ 8.bxc3 h6 
9.Bh4 Nbd7 10.Nf3 Qe7 11.Nd2 b6 12.Be2 Kd8 13.O-O-O Kc7 14.Rde1 Bb7 15.g4 
g5 16.Bg3 h5 17.gxh5 Nxh5 18.Bxh5 Rxh5 19.f4 gxf4 20.exf4 f6 21.Rhf1 Rf8 
22.Qg6 Qh7 23.Qxh7 Rxh7 24.fxe5 fxe5 25.Rxf8 Nxf8 26.Rf1 Nd7 27.Kc2 b5 28.
cxb5 Bxd5 29.a4 c4 30.Kb2 Nc5 31.Ka3 Nd3 32.Rf8 Nc1 33.a5 Ne2 34.Kb4 Nxg3 
35.hxg3 Rh1 36.Rf1 Rh3 37.Rg1 Rh2 38.Nxc4 Re2 39.Rd1 Bxc4 40.Kxc4 Rg2 41.
Rd3 Ra2 42.a6 Rf2 43.Kd5 Kd7 44.g4 Rg2 45.Rh3 Rd2+ 46.Kc4 e4 47.Rh7+ Ke6 
48.Rh8 Kd7 49.b6 d5+ 50.Kb3 e3 51.bxa7 e2 52.a8=Q e1=Q 53.Qc8+ Kd6 54.Rd8+
Ke7 55.Re8+ 1-0

[Event "53rd World U20 ch"]
[Site "Pune IND"]
[Date "2014.10.08"]
[Round "3.48"]
[White "Fisher, William"]
[Black "Manigandan, S. S."]
[Result "0-1"]
[WhiteElo "2313"]
[BlackElo "2099"]
[EventDate "2014.10.06"]
[PlyCount "84"]

1.d4 Nf6 2.c4 g6 3.Nc3 d5 4.cxd5 Nxd5 5.Nf3 Bg7 6.e4 Nxc3 7.bxc3 O-O 8.Ba3
b6 9.Bc4 Bb7 10.e5 c5 11.O-O Nc6 12.Re1 Na5 13.Bd3 Rc8 14.Qe2 cxd4 15.cxd4
Bd5 16.Rac1 Nc6 17.Be4 Re8 18.e6 f5 19.Bxd5 Qxd5 20.Qc2 Bf6 21.Re3 Nxd4 
22.Qxc8 Rxc8 23.Rxc8+ Kg7 24.Nxd4 Bxd4 25.Re2 Bc3 26.g3 Qd1+ 27.Kg2 Qxe2 
28.Rxc3 Qe4+ 29.Kf1 Qb1+ 30.Kg2 Kf6 31.Rc7 Qxa2 32.Rxa7 Qd5+ 33.Kg1 Qxe6 
34.Ra6 Kf7 35.Ra7 Qe1+ 36.Kg2 Qe4+ 37.Kg1 b5 38.Bc5 b4 39.Ra1 b3 40.Ba3 
Qc2 41.Re1 b2 42.Rxe7+ Kf6 0-1

[Event "53rd World U20 ch"]
[Site "Pune IND"]
[Date "2014.10.08"]
[Round "3.49"]
[White "Lokesh, P."]
[Black "Roshan, Rangarajan"]
[Result "1-0"]
[WhiteElo "2303"]
[BlackElo "2088"]
[EventDate "2014.10.06"]
[PlyCount "107"]

1.e4 e5 2.Nf3 Nc6 3.Bb5 Nf6 4.d3 d6 5.c3 Be7 6.O-O O-O 7.Re1 a6 8.Ba4 Re8 
9.h3 b5 10.Bc2 Na5 11.a4 Bd7 12.d4 Bf8 13.Nbd2 c5 14.Nf1 Rc8 15.d5 h6 16.
Ng3 c4 17.axb5 axb5 18.Nh2 Nb7 19.f4 b4 20.fxe5 dxe5 21.Qf3 b3 22.Bd1 Bc5+
23.Kh1 Nd6 24.Be3 Bxe3 25.Qxe3 Ra8 26.Rb1 Ra6 27.Nf3 Bb5 28.Rf1 Qe7 29.Nd2
Rea8 30.Be2 Qa7 31.Qf3 Qc5 32.Kh2 R8a7 33.Nh1 Re7 34.Nf2 Nh7 35.h4 Ra8 36.
Rg1 Nf8 37.Ng4 Ng6 38.g3 Rf8 39.Ne3 Ra7 40.Rgf1 Ne7 41.Ng4 f5 42.Nxe5 Raa8
43.Qg2 Rae8 44.Bh5 Rd8 45.Ng6 Nxg6 46.Bxg6 fxe4 47.Nxe4 Nxe4 48.Bxe4 Ba6 
49.Rxf8+ Rxf8 50.Rf1 Bb7 51.Rxf8+ Qxf8 52.Qe2 Qc5 53.Bg6 Qb5 54.d6 1-0

[Event "53rd World U20 ch"]
[Site "Pune IND"]
[Date "2014.10.08"]
[Round "3.50"]
[White "Puranik, Abhimanyu"]
[Black "Stamos, Filippos"]
[Result "1-0"]
[WhiteElo "2269"]
[BlackElo "2076"]
[EventDate "2014.10.06"]
[PlyCount "137"]

1.e4 c5 2.Nf3 Nc6 3.d4 cxd4 4.Nxd4 Nf6 5.Nc3 d6 6.Bg5 e6 7.Qd2 a6 8.O-O-O 
Bd7 9.f4 h6 10.Bh4 Nxe4 11.Qe1 Nf6 12.Nf5 Qa5 13.Nxd6+ Bxd6 14.Rxd6 Qc7 
15.Qd2 O-O-O 16.Bxf6 gxf6 17.Ne4 Ne7 18.Nxf6 Bc6 19.Rd3 Kb8 20.Kb1 Ng6 21.
Nh5 Be4 22.Rxd8+ Rxd8 23.Bd3 Bxd3 24.cxd3 Rd5 25.g4 Qd8 26.Rd1 Rd4 27.Qe3 
Qd6 28.g5 hxg5 29.fxg5 Ne5 30.Nf6 Nc4 31.Qg3 Qxg3 32.hxg3 Ne3 33.Rd2 Nf1 
34.Rf2 Nxg3 35.Kc2 Nf5 36.Rh2 Rh4 37.Rxh4 Nxh4 38.Nd7+ Kc7 39.Ne5 Kd6 40.
Nxf7+ Kd5 41.Kc3 e5 42.Nh6 Ke6 43.Ng4 Kf5 44.Nf6 Kxg5 45.Ne4+ Kf4 46.Nc5 
Ke3 47.Nxb7 Ng6 48.Nc5 Nf4 49.Kc4 a5 50.b3 Ng6 51.Nd7 e4 52.dxe4 Kxe4 53.
Kb5 Kd5 54.Nb6+ Kd6 55.Nc4+ Kc7 56.a4 Nf4 57.Nxa5 Nd5 58.Kc5 Nc3 59.Kd4 
Na2 60.Kc4 Kb6 61.b4 Nc1 62.Nb3 Ne2 63.a5+ Ka7 64.b5 Nf4 65.Nc5 Ng6 66.b6+
Kb8 67.a6 Ne5+ 68.Kd5 Nf7 69.Nd7+ 1-0

[Event "53rd World U20 ch"]
[Site "Pune IND"]
[Date "2014.10.08"]
[Round "3.51"]
[White "Deepthamsh, Reddy M."]
[Black "Megalios, Konstantinos"]
[Result "1-0"]
[WhiteElo "2071"]
[BlackElo "2196"]
[EventDate "2014.10.06"]
[PlyCount "81"]

1.d4 Nf6 2.c4 e6 3.g3 c5 4.d5 exd5 5.cxd5 d6 6.Nc3 g6 7.Bg2 Bg7 8.Nf3 O-O 
9.O-O a6 10.a4 Re8 11.Nd2 Nbd7 12.h3 Nh5 13.Nce4 Ndf6 14.Nc3 Nd7 15.Nce4 
Ne5 16.Nc3 f5 17.f4 Nf7 18.Kh2 Bd7 19.e4 Nf6 20.a5 Bb5 21.Re1 Bd3 22.exf5 
gxf5 23.Nf3 Rxe1 24.Qxe1 Qe8 25.Bd2 Qd7 26.Qe3 Bc4 27.Nh4 Re8 28.Qf2 Nh6 
29.Qg1 Qf7 30.Re1 Ne4 31.Bxe4 fxe4 32.Nxe4 Qxd5 33.Nf6+ Bxf6 34.Rxe8+ Kf7 
35.Qe1 Bf1 36.Rc8 Bxh4 37.Qe8+ Kf6 38.Bc3+ Kf5 39.Qh5+ Ke6 40.Re8+ Be7 41.
Rxe7+ 1-0

[Event "53rd World U20 ch"]
[Site "Pune IND"]
[Date "2014.10.08"]
[Round "3.52"]
[White "Pranav, Shetty"]
[Black "Nitish, Belurkar"]
[Result "1-0"]
[WhiteElo "2191"]
[BlackElo "2046"]
[EventDate "2014.10.06"]
[PlyCount "91"]

1.e4 d6 2.d4 Nf6 3.Nc3 e5 4.Nf3 Nbd7 5.Bc4 Be7 6.O-O O-O 7.Re1 a6 8.a4 b6 
9.h3 Bb7 10.d5 c6 11.dxc6 Bxc6 12.Bg5 Nc5 13.Bxf6 Bxf6 14.Qe2 g6 15.Red1 
Qd7 16.b3 Ne6 17.Bxa6 Nd4 18.Nxd4 exd4 19.Nd5 Bxd5 20.exd5 d3 21.Qxd3 Bxa1
22.Rxa1 Qe7 23.Bb5 Qe5 24.Rd1 Ra7 25.Qd4 Qxd4 26.Rxd4 Rc8 27.Bc6 Rac7 28.
Re4 Kg7 29.Rb4 Rxc6 30.dxc6 Rxc6 31.c4 Kf6 32.Rb5 Ke6 33.Kf1 Kf6 34.Ke2 
Ke6 35.Ke3 Kf6 36.Kf4 h6 37.Ke4 Ke6 38.g4 g5 39.Kd4 Ke7 40.Kd5 Kd7 41.b4 
Kc7 42.a5 bxa5 43.Rxa5 Kb7 44.Rb5+ Kc7 45.c5 f6 46.Rb6 1-0